00661 a2200169 450000500170000002000180001708200210003510000170005624500350007326000550010830000650016370000180022885600730024694200130031999900150033295201440034720250605153531.0 a0-7645-5093-4 aLECT 658.022 HAR aHARROCH, R.  aSmall business kit for dummies aFoster city, bIDG Books worldwide, Inc., c1998.  axxvi, 371p.: ill.; figure, picture, table. bIndex, c24cm.  aENGEL, J. S.  yAccess online bookfSmall business kit for dummiesdwww.idgbooks.com 2ddccBKS c3245d3245 r2025-06-05 15:37:41l0oLECT 658.022 HARp00000011187v144000.00w2025-06-05yBKS102ddc407000aCBEMLbCBEMLcGENd2014-11-28g48000.00